000 00381nam a22001457a 4500
005 20240110121344.0
008 190910b xxu||||| |||| 00| 0 eng d
020 _a81-256-0039-6
041 _aeng
100 _aCHATURVEDI, SUSHMA AND SUMAN, NEERJA,
_95066
245 _aHEALTH EDUCATION AND COMMUNITY PHARMACY
260 _aDELHI
_bTARA PUBLISHERS
300 _a133p,
942 _cBK
999 _c5971
_d5969